000 00366nam a22001337a 4500
008 150121b xxu||||| |||| 00| 0 eng d
050 _aSPC PR9390.9.B41 S4
100 _aBennett, Monty
_914440
245 _aSecond thoughts/
_cby Monty Bennett.
260 _a[S.l.] :
_b[s.n.]
_c[1985].
300 _a98 plates.
_c30 cm.
500 _aStencilled
942 _2lcc
_cSPC
999 _c121833
_d121833